Flags of places that aren't countries - Oceania - Statistics

General Stats
  • This quiz has been taken 393 times
    159 since last reset
  • The average score is 10 of 20
Answer Stats
Picture Answer % Correct
American Samoa
85%
Cook Islands
85%
New Caledonia
85%
Niue
82%
Christmas Island
81%
French Polynesia
75%
Tokelau
72%
Norfolk Island
71%
Western Australia
65%
Wallis and Futuna
61%
Northern Mariana Islands
57%
Pitcairn Island
51%
Bougainville
35%
Northern Territory
32%
West Papua
28%
ACT
22%
Lord Howe Island
14%
New Ireland
11%
Rotuma
8%
Tiwi Islands
6%
No matching quizzes found
Score Distribution
Percent of People with Each Score
Percentile by Number Answered
Your Score History
You have not taken this quiz since the last reset